000 00459nam a2200181Ia 4500
005 20250326141113.0
008 250326s9999 xx 000 0 und d
037 _aTextbook
040 _aFMSL
_beng
_cFMSL
041 _aeng
_2eng
084 _qFMSL
100 _aCarroll M
_9743712
245 0 _aWork place councelling
_cCarroll M
260 _aLondon
_bLondon, Sage Publication
_c1996
300 _a260p
942 _cTB
999 _c1288718
_d1288718